Vybrané problémy e-mailovej etikety obchodných firiem
Vybrané problémy e-mailovej komunikácie obchodných firiem so zameraním na rešpektovanie etikety a iných spoločenských, profesijných a komunitou akceptovaných pravidiel a zvyklostí.
Saved in:
| Main Author: | |
|---|---|
| Format: | Book Chapter |
| Language: | Slovak |
| Subjects: | |
| Tags: |
No Tags, Be the first to tag this record!
|
MARC
| LEADER | 00000nla$a2200000$$$4500 | ||
|---|---|---|---|
| 001 | 0141762 | ||
| 005 | 20240502072536.9 | ||
| 041 | 0 | |a slo | |
| 044 | |a SK | ||
| 245 | 1 | 0 | |a Vybrané problémy e-mailovej etikety obchodných firiem |c Ľudmila Velichová |
| 520 | |a Vybrané problémy e-mailovej komunikácie obchodných firiem so zameraním na rešpektovanie etikety a iných spoločenských, profesijných a komunitou akceptovaných pravidiel a zvyklostí. | ||
| 610 | 2 | 0 | |a komunikácia elektronická |
| 610 | 2 | 0 | |a pošta elektronická |
| 610 | 2 | 0 | |a etiketa |
| 610 | 2 | 0 | |a firmy |
| 610 | 2 | 0 | |a obchod |
| 100 | 1 | |a Velichová, Ľudmila | |